ESSENTIAL CLINICAL EXAMINATIONS FOR FINALS AND MRCS: 35 EXAMINATIONS FOR MEDICINE AND SURGERY (Record no. 216921)

MARC details
000 -LEADER
fixed length control field 00690nam a22001817a 4500
008 - FIXED-LENGTH DATA ELEMENTS--GENERAL INFORMATION
fixed length control field 260401b |||||||| |||| 00| 0 eng d
020 ## - INTERNATIONAL STANDARD BOOK NUMBER
International Standard Book Number 978-1-78779-175-6
050 ## - LIBRARY OF CONGRESS CALL NUMBER
Classification number RC 66 .H 88 2023
100 ## - MAIN ENTRY--PERSONAL NAME
Personal name HOURSTON, GEORGE JM
245 ## - TITLE STATEMENT
Title ESSENTIAL CLINICAL EXAMINATIONS FOR FINALS AND MRCS: 35 EXAMINATIONS FOR MEDICINE AND SURGERY
260 ## - PUBLICATION, DISTRIBUTION, ETC.
Place of publication, distribution, etc. LONDON,
Name of publisher, distributor, etc. JAYPEE BROTHERS MEDICAL PUBLISHERS,
Date of publication, distribution, etc. 2023,
300 ## - PHYSICAL DESCRIPTION
Extent XiV, 201 P, ILL
500 ## - GENERAL NOTE
General note INCLUDES BIBLIOGRAPHICAL REFERENCES
650 ## - SUBJECT ADDED ENTRY
Topical term or geographic name entry element 1. PHYSICAL DIAGNOSIS-EXAMINATIONS, QUESTIONS 2. MEDICINE-EXAMINATIONS, QUESTIONS
700 ## - ADDED ENTRY--PERSONAL NAME
Personal name KANKAM HADYN KN FOREWORD BY STEPHEN McDONNELL
942 ## - ADDED ENTRY ELEMENTS (KOHA)
Source of classification or shelving scheme Library of Congress Classification
Koha item type Long Loan Book
Holdings
Withdrawn status Lost status Source of classification or shelving scheme Damaged status Not for loan Collection Home library Current library Shelving location Date acquired Inventory number Total checkouts Full call number Barcode Date last seen Copy number Price effective from Koha item type
    Library of Congress Classification     Medicine Kisii University Library Kisii University Library On Display 04/01/2026 112672   RC 66 .H 88 2023 A000460 04/01/2026 1 04/01/2026 Long Loan Book
    Library of Congress Classification     Medicine Kisii University Library Kisii University Library On Display 04/01/2026 112673   RC 66 .H 88 2023 A000462 04/01/2026 2 04/01/2026 Long Loan Book
    Library of Congress Classification     Medicine Kisii University Library Kisii University Library On Display 04/01/2026 112674   RC 66 .H 88 2023 A000457 04/01/2026 3 04/01/2026 Long Loan Book
    Library of Congress Classification     Medicine Kisii University Library Kisii University Library On Display 04/01/2026 112675   RC 66 .H 88 2023 A000461 04/01/2026 4 04/01/2026 Long Loan Book